Πολύβιος : άπαντα
Αποθηκεύτηκε σε:
| Κύριος συγγραφέας: | |
|---|---|
| Άλλοι συγγραφείς: | |
| Μορφή: | Βιβλίο |
| Γλώσσα: | Greek Ancient Greek |
| Δημοσίευση: |
Αθήνα :
Κάκτος,
c1996
|
| Σειρά: | Έλληνες (Κάκτος)
; 375-385 |
| Θέματα: | |
| Ετικέτες: |
Προσθήκη ετικέτας
Δεν υπάρχουν, Καταχωρήστε ετικέτα πρώτοι!
|
MARC
| LEADER | 00000nam a2200000 i 4500 | ||
|---|---|---|---|
| 001 | 1/4720 | ||
| 008 | 000601s1996 gre d | ||
| 020 | |a 960-352-377-1 | ||
| 020 | |a 960-352-378-x | ||
| 020 | |a 960-352-379-8 | ||
| 020 | |a 960-352-380-1 | ||
| 020 | |a 960-352-381-x | ||
| 020 | |a 960-352-382-8 | ||
| 020 | |a 960-352-383-6 | ||
| 020 | |a 960-352-384-4 | ||
| 020 | |a 960-352-385-2 | ||
| 020 | |a 960-352-386-0 | ||
| 020 | |a 960-352-387-9 | ||
| 035 | |l 10061319 | ||
| 040 | |a GR-MY-UA |b gre |e aacr | ||
| 041 | 0 | |a gre |a grc | |
| 082 | 0 | |a 884.4 | |
| 100 | 1 | |a Πολύβιος |d 200-120. | |
| 245 | 1 | 0 | |a Πολύβιος : |b άπαντα / |c Πολύβιος ; εισαγωγή-μετάφραση-σχόλια Θεόδωρος Γ. Μαυρόπουλος |
| 260 | |a Αθήνα : |b Κάκτος, |c c1996 | ||
| 300 | |a 11 τ. | ||
| 490 | 1 | |a Οι Έλληνες |v ; 375-385 | |
| 505 | 0 | |a Τόμος πρώτος: Ιστοριών ΑΤόμος δεύτερος: Ιστοριών ΒΤόμος τρίτος: Ιστοριών ΓΤόμος τέταρτος: Ιστοριών ΔΤόμος πέμπτος: Ιστοριών ΕΤόμος έκτος: Ιστοριών ΣΤ-Ζ-ΗΤόμος έβδομος: Ιστοριών Θ-Ι-ΙΑΤόμος όγδοος: Ιστοριών ΙΒ-ΙΔ-ΙΕ-ΙΣΤΤόμος ένατος: Ιστοριών ΙΗ-Κ-ΚΑ-ΚΒ-ΚΓΤόμος δέκατος: Ιστοριών ΚΔ-ΚΕ-ΚΣΤ-ΚΖ-ΚΗ-ΚΘ-Λ-ΛΑΤόμος ενδέκατος: Ιστοριών ΛΒ-ΛΓ-ΛΔ-ΛΕ-ΛΣΤ-ΛΖ-ΛΗ-ΛΘ | |
| 650 | 0 | 0 | |a History, Ancient |x Historiography. |
| 700 | 1 | |4 trl |a Μαυρόπουλος, Θεόδωρος Γ. | |
| 830 | 0 | |a Έλληνες (Κάκτος) |v ; 375-385 | |
| 852 | |a INST |b LESVOS |e 20000601 |h 884.4 ΠΟΛ |p 005100026400 |q 005100026400 |t BK |y 0 |z τ.1 | ||
| 852 | |a INST |b LESVOS |e 20000601 |h 884.4 ΠΟΛ |p 005100026401 |q 005100026401 |t BK |y 0 |z τ.2 | ||
| 852 | |a INST |b LESVOS |e 20000601 |h 884.4 ΠΟΛ |p 005100026402 |q 005100026402 |t BK |y 0 |z τ.3 | ||
| 852 | |a INST |b LESVOS |e 20000601 |h 884.4 ΠΟΛ |p 005100026403 |q 005100026403 |t BK |y 0 |z τ.4 | ||
| 852 | |a INST |b LESVOS |e 20000601 |h 884.4 ΠΟΛ |p 005100026404 |q 005100026404 |t BK |y 0 |z τ.5 | ||
| 852 | |a INST |b LESVOS |e 20000601 |h 884.4 ΠΟΛ |p 005100026405 |q 005100026405 |t BK |y 0 |z τ.6 | ||
| 852 | |a INST |b LESVOS |e 20000601 |h 884.4 ΠΟΛ |p 005100026406 |q 005100026406 |t BK |y 0 |z τ.7 | ||
| 852 | |a INST |b LESVOS |e 20000601 |h 884.4 ΠΟΛ |p 005100026407 |q 005100026407 |t BK |y 0 |z τ.8 | ||
| 852 | |a INST |b LESVOS |e 20000601 |h 884.4 ΠΟΛ |p 005100026408 |q 005100026408 |t BK |y 0 |z τ.9 | ||
| 852 | |a INST |b LESVOS |e 20000601 |h 884.4 ΠΟΛ |p 005100026409 |q 005100026409 |t BK |y 0 |z τ.10 | ||
| 852 | |a INST |b LESVOS |e 20000601 |h 884.4 ΠΟΛ |p 005100026410 |q 005100026410 |t BK |y 0 |z τ.11 | ||
| 852 | |a INST |b LESVOS |e 20000601 |h 884.4 ΠΟΛ |p 005100026400 |q 005100026400 |t BK |v τ.1: |y 0 |z τ.1 | ||
| 852 | |a INST |b LESVOS |e 20000601 |h 884.4 ΠΟΛ |p 005100026401 |q 005100026401 |t BK |v τ.2: |y 0 |z τ.2 | ||
| 852 | |a INST |b LESVOS |e 20000601 |h 884.4 ΠΟΛ |p 005100026402 |q 005100026402 |t BK |v τ.3: |y 0 |z τ.3 | ||
| 852 | |a INST |b LESVOS |e 20000601 |h 884.4 ΠΟΛ |p 005100026403 |q 005100026403 |t BK |v τ.4: |y 0 |z τ.4 | ||
| 852 | |a INST |b LESVOS |e 20000601 |h 884.4 ΠΟΛ |p 005100026404 |q 005100026404 |t BK |v τ.5: |y 0 |z τ.5 | ||
| 852 | |a INST |b LESVOS |e 20000601 |h 884.4 ΠΟΛ |p 005100026405 |q 005100026405 |t BK |v τ.6: |y 0 |z τ.6 | ||
| 852 | |a INST |b LESVOS |e 20000601 |h 884.4 ΠΟΛ |p 005100026406 |q 005100026406 |t BK |v τ.7: |y 0 |z τ.7 | ||
| 852 | |a INST |b LESVOS |e 20000601 |h 884.4 ΠΟΛ |p 005100026407 |q 005100026407 |t BK |v τ.8: |y 0 |z τ.8 | ||
| 852 | |a INST |b LESVOS |e 20000601 |h 884.4 ΠΟΛ |p 005100026408 |q 005100026408 |t BK |v τ.9: |y 0 |z τ.9 | ||
| 852 | |a INST |b LESVOS |e 20000601 |h 884.4 ΠΟΛ |p 005100026409 |q 005100026409 |t BK |v τ.10: |y 0 |z τ.10 | ||
| 852 | |a INST |b LESVOS |e 20000601 |h 884.4 ΠΟΛ |p 005100026410 |q 005100026410 |t BK |v τ.11: |y 0 |z τ.11 | ||
| 853 | |a INST |b LESVOS |h 884.4 ΠΟΛ | ||
| 901 | |a BIBL1-2000-2 | ||
| 909 | |a Λ |b 072254 | ||
| 909 | |a Λ |b 072255 | ||
| 909 | |a Λ |b 072256 | ||
| 909 | |a Λ |b 072257 | ||
| 909 | |a Λ |b 072258 | ||
| 909 | |a Λ |b 072259 | ||
| 909 | |a Λ |b 072260 | ||
| 909 | |a Λ |b 072261 | ||
| 909 | |a Λ |b 072262 | ||
| 909 | |a Λ |b 072263 | ||
| 909 | |a Λ |b 072264 | ||
| 922 | |a 1ΕΛΗ |b 199912 |c ΤΑΚ/ΚΥΒ |d ΠΑΠΑΣΩΤΗΡΙΟΥ | ||
| 950 | |a 023-1999-12-06 | ||
| 970 | |a ΤΖΑΦΕΡΗ |b ΕΥΑΓΓΕΛΙΑ |z 2000/06/01 | ||